| 000 | 00710nam a22002057a 4500 | ||
|---|---|---|---|
| 003 | LK-CoMWRAF | ||
| 005 | 20240315102136.0 | ||
| 008 | 240115b1997 |||||||| |||| 00| 0 eng d | ||
| 040 |
_aLK-CoMWRAF _dLK-CoMWRAF _eLK-CoMWRAF |
||
| 041 | _atam | ||
| 082 |
_a305.8 _bSAM |
||
| 100 |
_aசமீம், முகம்மது _vSameem, Mohamad |
||
| 245 | _aஒரு சிறுபான்மை சமூகத்தின் பிரச்சினைகள் | ||
| 246 | _aOru sirupanmai samugathin pirachanaikal | ||
| 246 | _aProblems of a minority community | ||
| 260 |
_aChennai: _bKumaran, _c1997 |
||
| 300 |
_axi.,196 p. _bReference included |
||
| 650 | _aMINORITY ISSUES-Sri Lanka | ||
| 942 | _cBK | ||
| 999 |
_c4628 _d4628 |
||